[Event "SR 2. liga A 2008/2009"]
[Site "?"]
[Date "2009.01.31"]
[Round "8.8"]
[White "Kersten, Juraj"]
[Black "Cajka, Tibor"]
[Result "0-1"]
[WhiteElo "1917"]
[BlackElo "1907"]
[PlyCount "72"]
[EventDate "2008.??.??"]
[WhiteTeam "Slovakia"]
[BlackTeam "II"]
[WhiteTeamCountry "SVK"]
[BlackTeamCountry "SVK"]

1. e4 c5 2. b4 cxb4 3. d4 d5 4. e5 Nc6 5. Ne2 Bf5 6. Ng3 Bg6 7. Be2 e6 8. O-O
Qb6 9. Be3 Rc8 10. h4 h6 11. h5 Bh7 12. Bd3 Bxd3 13. Qxd3 Nge7 14. Nd2 Na5 15.
Rfc1 Rc3 16. Qe2 Nec6 17. Qg4 Nxe5 18. dxe5 Rxe3 19. fxe3 Qxe3+ 20. Kh2 Qxd2
21. Rf1 Nc4 22. Rfe1 Ne3 23. Qf3 Bc5 24. Re2 Qd4 25. Rxe3 Qxa1 26. Re2 Qd4 27.
Kh3 O-O 28. Nf1 Qc3 29. Ne3 Bxe3 30. Rxe3 Qxc2 31. g4 d4 32. Rb3 Rc8 33. Qxb7
Rc3+ 34. Rxc3 bxc3 35. Qa8+ Kh7 36. Qe4+ Qxe4 0-1

[Event "SR 2. liga A 2008/2009"]
[Site "?"]
[Date "2009.01.31"]
[Round "8.8"]
[White "Majtan, Martin"]
[Black "Labar, Eduard"]
[Result "1-0"]
[WhiteElo "1572"]
[BlackElo "2051"]
[PlyCount "102"]
[EventDate "2008.??.??"]
[WhiteTeam "Slovakia"]
[BlackTeam "II"]
[WhiteTeamCountry "SVK"]
[BlackTeamCountry "SVK"]

1. e4 c6 2. d4 d5 3. e5 Bf5 4. Nf3 e6 5. Bd3 Bxd3 6. Qxd3 Qb6 7. Nc3 Ne7 8. O-O
Nf5 9. Bd2 Be7 10. Na4 Qc7 11. Rac1 b5 12. Nc3 Nd7 13. Ne2 a6 14. Ng3 Nh4 15.
Nh5 O-O 16. Nxh4 Bxh4 17. Qh3 Be7 18. Bh6 g6 19. Bxf8 Rxf8 20. Nf4 Bd8 21. Rcd1
Bg5 22. Qg4 Bxf4 23. Qxf4 Kg7 24. Rd3 h5 25. Rh3 Rh8 26. g4 Qd8 27. Qg3 Nb6 28.
b3 Nd7 29. f4 Qe7 30. f5 Qg5 31. Qf4 Qxf4 32. Rxf4 g5 33. Rf2 Re8 34. Rhf3 Rf8
35. fxe6 fxe6 36. Rxf8 Nxf8 37. c3 Nd7 38. a4 c5 39. axb5 axb5 40. Ra2 Kg6 41.
Ra7 cxd4 42. cxd4 Nb8 43. Rb7 Nc6 44. Rxb5 Nxd4 45. Rb6 Kf7 46. Kf2 Ke7 47. Ke3
Nc2+ 48. Kd3 Ne1+ 49. Ke2 Nc2 50. b4 Kd7 51. Rd6+ Ke7 1-0

[Event "SR 2. liga A 2008/2009"]
[Site "?"]
[Date "2009.01.31"]
[Round "8.8"]
[White "Manak, Adrian"]
[Black "Ujhelyi, Matus"]
[Result "1/2-1/2"]
[WhiteElo "1637"]
[BlackElo "1926"]
[PlyCount "79"]
[EventDate "2008.??.??"]
[WhiteTeam "Slovakia"]
[BlackTeam "II"]
[WhiteTeamCountry "SVK"]
[BlackTeamCountry "SVK"]

1. d4 Nf6 2. c4 g6 3. Nc3 Bg7 4. e4 d6 5. f4 O-O 6. Nf3 c5 7. d5 a6 8. a4 Bg4
9. Be2 Nh5 10. O-O Nd7 11. a5 b5 12. axb6 Nxb6 13. Ng5 Bxe2 14. Qxe2 h6 15. Nf3
Qd7 16. f5 Nf6 17. e5 Ng4 18. e6 fxe6 19. dxe6 Qe8 20. h3 Ne5 21. Nxe5 Bxe5 22.
Bxh6 Rxf5 23. Qg4 Kh7 24. Rxf5 gxf5 25. Qh4 Qg6 26. Bf4+ Kg8 27. Bxe5 dxe5 28.
Qxe7 Re8 29. Qxc5 Rxe6 30. Rxa6 f4 31. Qf2 Nxc4 32. Rxe6 Qxe6 33. Qa7 Ne3 34.
Qa2 Nc4 35. Ne4 Kg7 36. Nd6 Qxd6 37. Qxc4 Qb6+ 38. Kh2 Qxb2 39. Qc7+ Kg6 40.
Qd6+ 1/2-1/2

[Event "SR 2. liga A 2008/2009"]
[Site "?"]
[Date "2009.01.31"]
[Round "8.8"]
[White "Slovik, Vojtech"]
[Black "Mosny, Jaroslav"]
[Result "1/2-1/2"]
[WhiteElo "1779"]
[BlackElo "2018"]
[PlyCount "84"]
[EventDate "2008.??.??"]
[WhiteTeam "Slovakia"]
[BlackTeam "II"]
[WhiteTeamCountry "SVK"]
[BlackTeamCountry "SVK"]

1. e4 e5 2. Nf3 d6 3. Bc4 Be7 4. O-O Nf6 5. Re1 O-O 6. d4 Nbd7 7. c3 c6 8. Bb3
Qc7 9. Bg5 Re8 10. Nbd2 Nf8 11. Bh4 Ng6 12. Bg3 h6 13. dxe5 dxe5 14. Nc4 Nd7
15. a4 Bf8 16. Qc2 Nc5 17. Ba2 Bg4 18. Re3 Rad8 19. b4 Nd7 20. Rd1 Kh8 21. h3
Be6 22. Red3 f6 23. Qd2 Be7 24. Nd6 Bxd6 25. Rxd6 Bxa2 26. Qxa2 Ndf8 27. Qd2
Rxd6 28. Qxd6 Qxd6 29. Rxd6 Ne6 30. Nd2 Re7 31. f3 Kg8 32. Nc4 Ngf4 33. Bxf4
Nxf4 34. Kf2 Kf7 35. Rd8 Ke6 36. Rd6+ Kf7 37. h4 Ke8 38. g3 Ng6 39. Ne3 Rc7 40.
Nf5 Kf7 41. Ke3 Ne7 42. Nxe7 Kxe7 1/2-1/2

[Event "SR 2. liga A 2008/2009"]
[Site "?"]
[Date "2009.01.31"]
[Round "8.8"]
[White "Zacik, Anton"]
[Black "Jelenciak, Jozef"]
[Result "0-1"]
[WhiteElo "2048"]
[BlackElo "1938"]
[PlyCount "82"]
[EventDate "2008.??.??"]
[WhiteTeam "Slovakia"]
[BlackTeam "II"]
[WhiteTeamCountry "SVK"]
[BlackTeamCountry "SVK"]

1. e4 Nf6 2. e5 Nd5 3. d4 d6 4. exd6 cxd6 5. Nf3 Bg4 6. Be2 Nc6 7. O-O g6 8. c4
Nb6 9. b3 d5 10. c5 Nc8 11. h3 Bxf3 12. Bxf3 Bg7 13. Bb2 e6 14. Na3 O-O 15. Nc2
Qh4 16. Kh2 N8e7 17. g3 Qf6 18. Qd3 Nf5 19. Rad1 a5 20. a3 h5 21. Bg2 Rfb8 22.
Qb5 g5 23. Qe2 Qg6 24. Bf3 h4 25. g4 Nfe7 26. Bg2 Qf6 27. Bc1 Ng6 28. f4 gxf4
29. Qf3 Bh6 30. g5 Qxg5 31. Kh1 Nce7 32. Ne3 fxe3 33. Qxf7+ Kh8 34. Qxe6 Rf8
35. Rg1 Nf5 36. Bxd5 Ng3+ 37. Rxg3 hxg3 38. Bxe3 Qxe3 39. Qxg6 Rf2 40. Bg2 Rxg2
41. Qf6+ Bg7 0-1

[Event "SR 2. liga A 2008/2009"]
[Site "?"]
[Date "2009.02.01"]
[Round "9.1"]
[White "Cvicela, Anton"]
[Black "Varga, David"]
[Result "0-1"]
[WhiteElo "2217"]
[BlackElo "2270"]
[PlyCount "88"]
[EventDate "2008.??.??"]
[WhiteTeam "Slovakia"]
[BlackTeam "II"]
[WhiteTeamCountry "SVK"]
[BlackTeamCountry "SVK"]

1. e4 e6 2. d4 d5 3. Nc3 Nf6 4. Bg5 Bb4 5. e5 h6 6. Bd2 Bxc3 7. bxc3 Ne4 8. Qg4
g6 9. Bd3 Nxd2 10. Kxd2 c5 11. h4 Nc6 12. Nf3 cxd4 13. cxd4 Qa5+ 14. c3 Bd7 15.
Qf4 O-O-O 16. Rhb1 Qa3 17. Rb3 Qe7 18. Qf6 Rde8 19. Rab1 b6 20. Qxe7 Rxe7 21.
Nh2 Na5 22. Rb4 Bc6 23. Ng4 h5 24. Ne3 Rc7 25. g3 Kb7 26. Nd1 Bd7 27. Ke3 Nc6
28. R4b2 Na5 29. Rb4 Nc6 30. Rb5 Ne7 31. Ra5 Nc6 32. Ra3 Kc8 33. c4 dxc4 34.
Bxc4 Ne7 35. Kd3 Bc6 36. Ne3 Rd8 37. Rc1 b5 38. Bb3 Be4+ 39. Kxe4 Rxc1 40. Rxa7
Rxd4+ 41. Kxd4 Nc6+ 42. Kd3 Nxa7 43. Bc2 Nc6 44. Kc3 Nxe5 0-1

[Event "SR 2. liga A 2008/2009"]
[Site "?"]
[Date "2009.02.01"]
[Round "9.1"]
[White "Godula, Martin"]
[Black "Rohacek, Miroslav"]
[Result "1/2-1/2"]
[WhiteElo "2192"]
[BlackElo "2215"]
[PlyCount "42"]
[EventDate "2008.??.??"]
[WhiteTeam "Slovakia"]
[BlackTeam "II"]
[WhiteTeamCountry "SVK"]
[BlackTeamCountry "SVK"]

1. e4 c5 2. Nf3 d6 3. d4 cxd4 4. Nxd4 Nf6 5. Nc3 a6 6. Bg5 e5 7. Bxf6 Qxf6 8.
Nd5 Qd8 9. Nf5 Nc6 10. c3 Be6 11. Be2 g6 12. Nfe3 Be7 13. Qd3 O-O 14. Nxe7+
Nxe7 15. O-O d5 16. Rfd1 dxe4 17. Qxe4 Qc7 18. Bc4 Bxc4 19. Qxc4 Rac8 20. Qxc7
Rxc7 21. Nd5 Nxd5 1/2-1/2

[Event "SR 2. liga A 2008/2009"]
[Site "?"]
[Date "2009.02.01"]
[Round "9.1"]
[White "Janos, Martin"]
[Black "Doucha, Ludvik"]
[Result "0-1"]
[WhiteElo "2210"]
[BlackElo "2080"]
[PlyCount "101"]
[EventDate "2008.??.??"]
[WhiteTeam "Slovakia"]
[BlackTeam "II"]
[WhiteTeamCountry "SVK"]
[BlackTeamCountry "SVK"]

1. e4 e5 2. Nf3 d6 3. d4 exd4 4. Qxd4 Nc6 5. Bb5 Nge7 6. Bg5 a6 7. Bxc6+ Nxc6
8. Qe3 f6 9. Bf4 Be6 10. Nc3 Qd7 11. a3 g6 12. Nd5 Bg7 13. O-O O-O 14. Rad1
Rad8 15. Rfe1 Rfe8 16. Qb3 Qc8 17. Bd2 Ne7 18. Nd4 Bf7 19. c4 Nxd5 20. exd5 c5
21. dxc6 bxc6 22. Qb6 c5 23. Nc6 Rd7 24. Rxe8+ Bxe8 25. Re1 Bf8 26. Bc3 Kf7 27.
Ba5 Kg8 28. h3 Bf7 29. b3 Qb7 30. Nd8 Qxb6 31. Bxb6 d5 32. Nxf7 Kxf7 33. cxd5
Rxd5 34. Re3 Bd6 35. g3 Rd1+ 36. Kg2 Ra1 37. Rd3 Ke6 38. a4 Rc1 39. Bd8 Be5 40.
Re3 Kd5 41. Rd3+ Ke6 42. Bb6 Rc2 43. Kf1 Bd4 44. f4 Rb2 45. Ba5 Kd5 46. Bd2 Ke4
47. Ke2 h5 48. g4 h4 49. g5 f5 50. a5 Ra2 51. Rf3 0-1

[Event "SR 2. liga A 2008/2009"]
[Site "?"]
[Date "2009.02.01"]
[Round "9.1"]
[White "Petrik, Tomas"]
[Black "Frindt, Kornel"]
[Result "1-0"]
[WhiteElo "2487"]
[BlackElo "2151"]
[PlyCount "279"]
[EventDate "2008.??.??"]
[WhiteTeam "Slovakia"]
[BlackTeam "II"]
[WhiteTeamCountry "SVK"]
[BlackTeamCountry "SVK"]

1. e4 c5 2. Nf3 Nc6 3. Nc3 d6 4. d4 cxd4 5. Nxd4 e5 6. Nf5 Be6 7. g3 Rc8 8. Bg2
g6 9. Ne3 h5 10. h4 Nd4 11. O-O Nh6 12. Ncd5 f6 13. c3 Nc6 14. f4 exf4 15. Nxf4
Bf7 16. Bh3 Ne5 17. Qa4+ Rc6 18. Ne6 Bxe6 19. Bxe6 Ke7 20. Qb3 Qb6 21. Kg2 Qxb3
22. Bxb3 Nhg4 23. Nd5+ Kd8 24. Nxf6 Nxf6 25. Rxf6 Be7 26. Re6 Rf8 27. Be3 a6
28. Rd1 Ng4 29. Bd4 g5 30. e5 gxh4 31. gxh4 Bxh4 32. exd6 Re8 33. Bg1 Rxe6 34.
Bxe6 Ne5 35. Rd5 Bf6 36. Bd4 Ng4 37. Bg1 Ne5 38. Bd4 Ng4 39. Rxh5 Bxd4 40. Bxg4
Bf6 41. d7 Rb6 42. b3 Rd6 43. Rc5 Rc6 44. Rf5 Kc7 45. c4 Be7 46. Rf7 Bd8 47.
Rf2 Rd6 48. Re2 Bg5 49. Re5 Bf6 50. Rc5+ Rc6 51. Rh5 Be7 52. Kf3 Rf6+ 53. Ke2
Rg6 54. Bh3 Rg3 55. Kd2 Rf3 56. Rh7 Bd8 57. Ke2 Rg3 58. Rh8 Rc3 59. Bf5 Rg3 60.
Rh2 Rg5 61. Rf2 Rg3 62. Kd2 Be7 63. Kc2 Re3 64. Kb2 Rg3 65. Re2 Bf6+ 66. Ka3
Rg5 67. Rf2 Bd4 68. Rd2 Bf6 69. Rd5 Bd8 70. Ka4 Kc6 71. Re5 Kd6 72. Rd5+ Kc6
73. Re5 Kd6 74. Re8 Kc7 75. Rf8 Rg2 76. a3 Rf2 77. c5 Rf4+ 78. b4 Rf3 79. Rf7
Rf4 80. Rf8 Rf3 81. Rxd8 Kxd8 82. Be4 Rf6 83. Bxb7 Kxd7 84. Ka5 Kc7 85. Bxa6
Rf3 86. a4 Rc3 87. Be2 Rc2 88. Bh5 Rh2 89. Bf3 Rf2 90. Bd5 Rf5 91. Bc4 Kc6 92.
Bb5+ Kc7 93. Bc4 Kc6 94. Be2 Rf4 95. Bb5+ Kc7 96. Be8 Rf8 97. Bg6 Rf6 98. Bd3
Rf3 99. Bc4 Kc6 100. Be2 Rf8 101. Bb5+ Kc7 102. Bd3 Rd8 103. Bc2 Rd2 104. Bb1
Rb2 105. Bd3 Rd2 106. Bf1 Rf2 107. Bc4 Kc6 108. Bb5+ Kc7 109. Bd3 Rd2 110. Bg6
Rg2 111. Bf7 Rf2 112. Be6 Re2 113. Bc4 Re4 114. Kb5 Rf4 115. a5 Rh4 116. Bd5
Rd4 117. Bc6 Rd1 118. a6 Ra1 119. Bb7 Rc1 120. Ka4 Rc3 121. Bg2 Kb8 122. Ka5
Rg3 123. Bb7 Ka7 124. b5 Kb8 125. Bc6 Kc7 126. a7 Ra3+ 127. Kb4 Ra1 128. a8=N+
Kb8 129. Nb6 Rg1 130. Bd5 Rb1+ 131. Bb3 Rg1 132. Nc4 Rg3 133. b6 Kb7 134. Na5+
Kb8 135. c6 Rg6 136. Bd5 Kc8 137. Nc4 Rh6 138. Kc5 Rf6 139. Nd6+ Kd8 140. c7+
1-0

[Event "SR 2. liga A 2008/2009"]
[Site "?"]
[Date "2009.02.01"]
[Round "9.1"]
[White "Schwarz, Dusan"]
[Black "Pagerka, Martin"]
[Result "0-1"]
[WhiteElo "2338"]
[BlackElo "1998"]
[PlyCount "70"]
[EventDate "2008.??.??"]
[WhiteTeam "Slovakia"]
[BlackTeam "II"]
[WhiteTeamCountry "SVK"]
[BlackTeamCountry "SVK"]

1. d4 Nf6 2. c4 e6 3. Nc3 Bb4 4. a3 Bxc3+ 5. bxc3 d6 6. f3 Nfd7 7. e4 c5 8. Bd3
Nc6 9. Ne2 O-O 10. O-O b6 11. f4 f5 12. d5 exd5 13. exf5 Ne7 14. cxd5 Nf6 15.
c4 Nxf5 16. Qc2 Ng4 17. Bb2 Qh4 18. h3 Nge3 19. Qc3 Rf6 20. Rf3 Nxg2 21. Kxg2
Qh5 22. Bxf5 Bxf5 23. Kf2 Qh4+ 24. Rg3 Rg6 25. Qe3 Kf7 26. Rag1 Re8 27. Qd2 Re4
28. Qc3 Re7 29. a4 Bxh3 30. f5 Rf6 31. Rh1 Rxf5+ 32. Ke1 Rxe2+ 33. Kxe2 Bg4+
34. Rxg4 Qxg4+ 35. Kd2 Qg2+ 0-1

[Event "SR 2. liga A 2008/2009"]
[Site "?"]
[Date "2009.02.01"]
[Round "9.1"]
[White "Tibensky, Robert"]
[Black "Vavrak, Peter"]
[Result "1/2-1/2"]
[WhiteElo "2391"]
[BlackElo "2478"]
[PlyCount "29"]
[EventDate "2008.??.??"]
[WhiteTeam "Slovakia"]
[BlackTeam "II"]
[WhiteTeamCountry "SVK"]
[BlackTeamCountry "SVK"]

1. c4 c5 2. g3 Nc6 3. Bg2 g6 4. e3 Bg7 5. Ne2 e5 6. Nbc3 Nge7 7. a3 O-O 8. Rb1
a5 9. O-O d6 10. d3 Bg4 11. h3 Be6 12. Nd5 f5 13. Nec3 g5 14. f4 Ng6 15. fxg5
1/2-1/2

[Event "SR 2. liga A 2008/2009"]
[Site "?"]
[Date "2009.02.01"]
[Round "9.2"]
[White "Hrivnak, Martin"]
[Black "Mihalik, Marek"]
[Result "1/2-1/2"]
[WhiteElo "2169"]
[BlackElo "2098"]
[PlyCount "32"]
[EventDate "2008.??.??"]
[WhiteTeam "Slovakia"]
[BlackTeam "II"]
[WhiteTeamCountry "SVK"]
[BlackTeamCountry "SVK"]

1. d4 Nf6 2. Nf3 e6 3. g3 d5 4. Bg2 Be7 5. O-O O-O 6. c4 c6 7. Nc3 Re8 8. Ne5
Nbd7 9. e4 dxe4 10. Nxe4 Nxe4 11. Bxe4 Nxe5 12. dxe5 Qc7 13. Qc2 Qxe5 14. Bxh7+
Kh8 15. Bf4 Qh5 16. Bd3 Bf6 1/2-1/2

[Event "SR 2. liga A 2008/2009"]
[Site "?"]
[Date "2009.02.01"]
[Round "9.2"]
[White "Petenyi, Tamas"]
[Black "Skreno, Vladimir"]
[Result "1/2-1/2"]
[WhiteElo "2251"]
[BlackElo "2208"]
[PlyCount "55"]
[EventDate "2008.??.??"]
[WhiteTeam "Slovakia"]
[BlackTeam "II"]
[WhiteTeamCountry "SVK"]
[BlackTeamCountry "SVK"]

1. e4 c5 2. Nf3 Nc6 3. Bb5 g6 4. Bxc6 dxc6 5. h3 Bg7 6. d3 e5 7. Nc3 Ne7 8. Be3
b6 9. Qd2 O-O 10. Bh6 f6 11. Bxg7 Kxg7 12. O-O Be6 13. Qe3 Qd6 14. Ne2 Rad8 15.
Rad1 Qc7 16. Nh2 g5 17. h4 h6 18. h5 Bf7 19. Ng3 Qd7 20. Qe2 Be6 21. Rfe1 Qc8
22. b3 a5 23. Nhf1 a4 24. Ne3 axb3 25. axb3 Qd7 26. Ra1 Ra8 27. Qf3 Rfd8 28.
Red1 1/2-1/2

[Event "SR 2. liga A 2008/2009"]
[Site "?"]
[Date "2009.02.01"]
[Round "9.2"]
[White "Petrik, Stanislav"]
[Black "Federic, Jozef"]
[Result "0-1"]
[WhiteElo "2239"]
[BlackElo "2215"]
[PlyCount "38"]
[EventDate "2008.??.??"]
[WhiteTeam "Slovakia"]
[BlackTeam "II"]
[WhiteTeamCountry "SVK"]
[BlackTeamCountry "SVK"]

1. e4 c5 2. Nf3 e6 3. c4 Nc6 4. Nc3 Nf6 5. d4 cxd4 6. Nxd4 Bb4 7. Ndb5 Nxe4 8.
Bf4 O-O 9. Bd3 Qf6 10. Qc1 Nc5 11. Bb1 Ne5 12. Ke2 Nxc4 13. g4 a6 14. g5 Qe7
15. Qc2 g6 16. Nc7 Rb8 17. Kf1 d5 18. N7xd5 exd5 19. Nxd5 Bh3+ 0-1

[Event "SR 2. liga A 2008/2009"]
[Site "?"]
[Date "2009.02.01"]
[Round "9.2"]
[White "Polasek, Filip"]
[Black "Pacher, Milan"]
[Result "0-1"]
[WhiteElo "2096"]
[BlackElo "2357"]
[PlyCount "66"]
[EventDate "2008.??.??"]
[WhiteTeam "Slovakia"]
[BlackTeam "II"]
[WhiteTeamCountry "SVK"]
[BlackTeamCountry "SVK"]

1. e4 c5 2. Nf3 e6 3. d4 cxd4 4. Nxd4 Nf6 5. Nc3 Nc6 6. Be3 Bb4 7. Bd3 d5 8.
O-O Bxc3 9. bxc3 dxe4 10. Bb5 Bd7 11. Bg5 Nxd4 12. Bxf6 gxf6 13. Bxd7+ Qxd7 14.
cxd4 O-O-O 15. c3 h5 16. Qe2 f5 17. Rab1 h4 18. Rb4 Qe7 19. Rfb1 Rd7 20. Qb5
Rg8 21. Rc4+ Kb8 22. Qe5+ Ka8 23. Ra4 Rd5 24. Qf4 Qg5 25. Qxg5 Rxg5 26. Rab4 b6
27. Rb5 f4 28. c4 Rxb5 29. cxb5 Rd5 30. g3 hxg3 31. fxg3 f3 32. Rb4 e5 33. dxe5
e3 0-1

[Event "SR 2. liga A 2008/2009"]
[Site "?"]
[Date "2009.02.01"]
[Round "9.2"]
[White "Stetina, Erik"]
[Black "Machalova, Erika"]
[Result "0-1"]
[WhiteElo "2043"]
[BlackElo "2142"]
[PlyCount "66"]
[EventDate "2008.??.??"]
[WhiteTeam "Slovakia"]
[BlackTeam "II"]
[WhiteTeamCountry "SVK"]
[BlackTeamCountry "SVK"]

1. e4 c5 2. d4 cxd4 3. c3 dxc3 4. Nxc3 Nc6 5. Nf3 d6 6. Bc4 e6 7. O-O Nf6 8.
Qe2 a6 9. Rd1 Qc7 10. Be3 b5 11. Bb3 Bb7 12. Rac1 Rc8 13. Nd5 Qb8 14. Nb6 Rd8
15. a4 b4 16. Nc4 Nxe4 17. Bb6 Nc5 18. Nxd6+ Bxd6 19. Bxc5 O-O 20. Bb6 Bc7 21.
Bxc7 Qxc7 22. Rxd8 Rxd8 23. Bc2 Qf4 24. Re1 Nd4 25. Nxd4 Rxd4 26. Bd3 a5 27. f3
Qd6 28. Be4 Ba6 29. Qe3 g6 30. f4 Rd2 31. Rc1 Re2 32. Qf3 Qd4+ 33. Kh1 Qxe4 0-1

[Event "SR 2. liga A 2008/2009"]
[Site "?"]
[Date "2009.02.01"]
[Round "9.2"]
[White "Tepper, Frantisek"]
[Black "Klemanic, Emil"]
[Result "0-1"]
[WhiteElo "2162"]
[BlackElo "2230"]
[PlyCount "88"]
[EventDate "2008.??.??"]
[WhiteTeam "Slovakia"]
[BlackTeam "II"]
[WhiteTeamCountry "SVK"]
[BlackTeamCountry "SVK"]

1. e4 d6 2. d4 Nf6 3. Nc3 g6 4. Nf3 Bg7 5. Be2 O-O 6. O-O c6 7. h3 b5 8. a3 a6
9. Re1 Nbd7 10. Bf1 Qc7 11. Bf4 e5 12. dxe5 dxe5 13. Be3 Re8 14. Nd2 Bb7 15. g3
Rad8 16. Bg2 Nf8 17. Qc1 Ne6 18. Ne2 Nh5 19. c3 c5 20. b3 Nhf4 21. Qc2 Nxe2+
22. Rxe2 Nf4 23. Ree1 Nxg2 24. Kxg2 f5 25. f3 f4 26. Bf2 fxg3 27. Bxg3 Bc8 28.
Rad1 Qd7 29. Rh1 Bh6 30. Nb1 Qe7 31. Rxd8 Rxd8 32. Kf2 c4 33. bxc4 bxc4 34. Qe2
Rd3 35. Rd1 Qa7+ 36. Kg2 Bxh3+ 37. Kh2 Qd7 38. Rxd3 cxd3 39. Qd1 d2 40. Bxe5
Bf1 41. Qb3+ Kf8 42. Qb4+ Kf7 43. Qb3+ Qe6 44. Qb7+ Kg8 0-1

[Event "SR 2. liga A 2008/2009"]
[Site "?"]
[Date "2009.02.01"]
[Round "9.3"]
[White "Bojda, Lubomir"]
[Black "Csiba, Peter"]
[Result "0-1"]
[WhiteElo "2166"]
[BlackElo "2169"]
[PlyCount "56"]
[EventDate "2008.??.??"]
[WhiteTeam "Slovakia"]
[BlackTeam "II"]
[WhiteTeamCountry "SVK"]
[BlackTeamCountry "SVK"]

1. c4 Nf6 2. Nf3 g6 3. Nc3 Bg7 4. d4 O-O 5. e4 d6 6. Be2 e5 7. dxe5 dxe5 8.
Qxd8 Rxd8 9. Bg5 Rf8 10. O-O Nc6 11. Rfe1 Bg4 12. Rad1 Bxf3 13. Bxf3 Nd4 14.
Nb5 Nxf3+ 15. gxf3 c6 16. Bxf6 Bxf6 17. Nd6 b6 18. c5 Rfd8 19. Nc4 Rd4 20. Rxd4
exd4 21. e5 Be7 22. cxb6 axb6 23. e6 Rxa2 24. Nxb6 Rxb2 25. Nc8 Kf8 26. exf7
Bc5 27. Kf1 d3 28. Rc1 Rxf2+ 0-1

[Event "SR 2. liga A 2008/2009"]
[Site "?"]
[Date "2009.02.01"]
[Round "9.3"]
[White "Dugovic, Branislav"]
[Black "Biro, Karol"]
[Result "1-0"]
[WhiteElo "2120"]
[BlackElo "216"]
[PlyCount "53"]
[EventDate "2008.??.??"]
[WhiteTeam "Slovakia"]
[BlackTeam "II"]
[WhiteTeamCountry "SVK"]
[BlackTeamCountry "SVK"]

1. Nf3 Nf6 2. b3 d5 3. Bb2 e6 4. e3 Be7 5. d4 Ne4 6. Nfd2 f5 7. Bd3 O-O 8. O-O
b6 9. f3 Nd6 10. c4 Bb7 11. Nc3 c5 12. Na4 Nd7 13. Rc1 Rc8 14. Ba3 cxd4 15.
exd4 e5 16. cxd5 Rxc1 17. Qxc1 exd4 18. Nc4 Nf6 19. Re1 Nfe8 20. Qf4 b5 21. Nc5
bxc4 22. Nxb7 Qc7 23. bxc4 Qxb7 24. c5 Bf6 25. cxd6 Qxd5 26. Qxf5 Qxa2 27.
Qxh7+ 1-0

[Event "SR 2. liga A 2008/2009"]
[Site "?"]
[Date "2009.02.01"]
[Round "9.3"]
[White "Kleman, Miroslav"]
[Black "Hecko, Dusan"]
[Result "1/2-1/2"]
[WhiteElo "2204"]
[BlackElo "2160"]
[Annotator "Fritz 9 (20s)"]
[PlyCount "59"]
[EventDate "2008.??.??"]
[WhiteTeam "Slovakia"]
[BlackTeam "II"]
[WhiteTeamCountry "SVK"]
[BlackTeamCountry "SVK"]

{B02: Alekhine's Defence: Chase Variation and lines with early Nc3} 1. e4 Nf6
2. Nc3 d5 3. exd5 Nxd5 4. Bc4 c6 $2 ({kniz. Fritz} 4... Nb6 5. Bb3 Nc6 6. Nf3 (
6. Nge2 e5 7. O-O Be7 8. d3 O-O) (6. d3 Bf5 7. Nf3 e6 8. O-O Be7 9. Re1 O-O 10.
Bf4 Na5) 6... Bf5 7. d3 e6 8. O-O Be7 9. Re1 O-O 10. Bf4 Na5) 5. Qf3 e6 ({
kniz. Fritz} 5... Be6 6. Nge2 Nc7 7. Bxe6 Nxe6 8. d3 g6 9. h4 h5 10. Be3 Bg7
11. O-O-O Nd7 12. d4 Nb6 13. d5 Nxd5 14. Nxd5 cxd5 15. Rxd5 Qc7 16. Rhd1 O-O
17. g4 $11) 6. a3 Nd7 7. d4 N7f6 8. Nge2 Be7 9. Bd2 O-O 10. Bd3 Qd6 (10... Bd6
11. O-O $11 e5 12. Bg5 Bg4 13. Qxg4 Nxg4 14. Bxd8 Nxc3 15. Bh4 e4 $11) 11. Ne4
Nxe4 12. Qxe4 Nf6 13. Qh4 g6 (13... h6 14. O-O $14) 14. Bb4 Qc7 15. Bxe7 Qxe7
16. Qg3 (16. O-O b6 $16) 16... c5 17. O-O cxd4 18. Nxd4 Bd7 19. Rfe1 Qc5 20. c3
Nh5 21. Qf3 (21. Qe3 Rfe8 $16) 21... Rab8 $2 (21... e5 22. Qxb7 exd4 23. Qxd7
dxc3 24. bxc3 $14) 22. g4 Ng7 23. Qg3 (23. Qf6 $5 $14) 23... f6 $11 24. Rad1 e5
25. Nc2 Bc6 (25... Ba4 26. Be4 $11) 26. Qe3 (26. Ne3 Rbc8 $11) 26... Qd5 27.
Be4 Qxe4 28. Qxe4 Bxe4 29. Rxe4 Ne6 30. Ne3 1/2-1/2

[Event "SR 2. liga A 2008/2009"]
[Site "?"]
[Date "2009.02.01"]
[Round "9.3"]
[White "Pasko, Peter"]
[Black "Arendas, Marek"]
[Result "1/2-1/2"]
[WhiteElo "2093"]
[BlackElo "2109"]
[PlyCount "92"]
[EventDate "2008.??.??"]
[WhiteTeam "Slovakia"]
[BlackTeam "II"]
[WhiteTeamCountry "SVK"]
[BlackTeamCountry "SVK"]

1. e4 c6 2. d4 d5 3. Nc3 dxe4 4. Nxe4 Bf5 5. Ng3 Bg6 6. Nf3 Nd7 7. h4 h6 8. h5
Bh7 9. Bd3 Bxd3 10. Qxd3 Ngf6 11. Bd2 e6 12. Qe2 Qc7 13. O-O-O O-O-O 14. Ne5
Nb6 15. Ba5 Bd6 16. c4 c5 17. Kb1 Kb8 18. dxc5 Bxe5 19. cxb6 axb6 20. Bxb6 Qxb6
21. Qxe5+ Qc7 22. Qxc7+ Kxc7 23. f3 Rxd1+ 24. Rxd1 Ra8 25. a3 Ra5 26. Rh1 Rg5
27. Rh3 g6 28. hxg6 fxg6 29. Ne4 Nxe4 30. fxe4 h5 31. Kc2 Rxg2+ 32. Kc3 Rg4 33.
Kd4 Kd6 34. c5+ Kc6 35. b4 h4 36. a4 b5 37. a5 g5 38. Ra3 Rf4 39. a6 Rf8 40. a7
Ra8 41. Ke3 g4 42. Kf4 g3 43. Kf3 Kb7 44. Kg2 Rxa7 45. Rxa7+ Kxa7 46. Kh3 Kb7
1/2-1/2

[Event "SR 2. liga A 2008/2009"]
[Site "?"]
[Date "2009.02.01"]
[Round "9.3"]
[White "Pusec, Pavel"]
[Black "Macka, Oto"]
[Result "0-1"]
[WhiteElo "2113"]
[BlackElo "2057"]
[PlyCount "94"]
[EventDate "2008.??.??"]
[WhiteTeam "Slovakia"]
[BlackTeam "II"]
[WhiteTeamCountry "SVK"]
[BlackTeamCountry "SVK"]

1. e4 e5 2. Nf3 Nc6 3. d4 exd4 4. Nxd4 Nf6 5. Nxc6 bxc6 6. Bd3 Bc5 7. Bg5 Qe7
8. Qf3 Bd4 9. c3 Be5 10. Qe2 h6 11. Be3 g5 12. h4 g4 13. Nd2 d5 14. O-O-O Be6
15. f4 gxf3 16. gxf3 Nh5 17. exd5 Bxd5 18. Bc5 Nf4 19. Qe3 Nxd3+ 20. Qxd3 Qxc5
21. Rhe1 Be6 22. f4 Bxf4 23. Rxe6+ fxe6 24. Qg6+ Kd7 25. Qf7+ Kc8 26. Qxf4 Qf5
27. Qc4 Rd8 28. Qxc6 Qd5 29. Qa6+ Kb8 30. c4 Rd6 31. Qa4 Qc6 32. Qb4+ Kc8 33.
Rf1 Qb6 34. Qc3 Qd4 35. Rf8+ Kb7 36. Qf3+ c6 37. Qb3+ Qb6 38. Rf7+ Kc8 39. Rf8+
Rd8 40. Rxd8+ Qxd8 41. c5 Qd5 42. Qc3 e5 43. b4 Kc7 44. Qa3 Kb7 45. Qc3 Rd8 46.
Nc4 Qd1+ 47. Kb2 Qe2+ 0-1

[Event "SR 2. liga A 2008/2009"]
[Site "?"]
[Date "2009.02.01"]
[Round "9.3"]
[White "Varholakova, Niki"]
[Black "Fabry, Robert"]
[Result "0-1"]
[WhiteElo "2191"]
[BlackElo "2185"]
[PlyCount "84"]
[EventDate "2008.??.??"]
[WhiteTeam "Slovakia"]
[BlackTeam "II"]
[WhiteTeamCountry "SVK"]
[BlackTeamCountry "SVK"]

1. e4 e5 2. Nf3 Nc6 3. Bc4 Nf6 4. O-O Be7 5. Re1 d6 6. h3 O-O 7. d4 Nd7 8. c3
Bf6 9. d5 Ne7 10. Nbd2 c6 11. dxc6 bxc6 12. Nf1 Qc7 13. Ng3 Ng6 14. Nh2 Nb6 15.
Bb3 d5 16. Ng4 Be7 17. Qf3 Be6 18. Nf5 Bc5 19. Bh6 Bxf5 20. Qxf5 f6 21. Be3
Bxe3 22. Nxe3 Rad8 23. g3 Kh8 24. Rad1 d4 25. Ng4 c5 26. c4 Nc8 27. h4 Nd6 28.
Qf3 Qb7 29. h5 Ne7 30. Qd3 Qd7 31. Qe2 Rb8 32. f4 Nc6 33. f5 Na5 34. h6 Nxb3
35. axb3 Rxb3 36. Kg2 Rfb8 37. Rb1 Qb7 38. hxg7+ Kxg7 39. Kf1 Rxb2 40. Rxb2
Qxb2 41. Qf3 Rb3 42. Qh1 Qd2 0-1

[Event "SR 2. liga A 2008/2009"]
[Site "?"]
[Date "2009.02.01"]
[Round "9.4"]
[White "Bukovsky, Milan"]
[Black "Samko, Karol"]
[Result "1-0"]
[WhiteElo "2022"]
[BlackElo "2048"]
[PlyCount "74"]
[EventDate "2008.??.??"]
[WhiteTeam "Slovakia"]
[BlackTeam "II"]
[WhiteTeamCountry "SVK"]
[BlackTeamCountry "SVK"]

1. c4 Nf6 2. Nc3 e6 3. Nf3 d5 4. d4 Nbd7 5. cxd5 exd5 6. Bg5 Bb4 7. Qc2 c5 8.
dxc5 Qa5 9. Bd2 Qxc5 10. Rc1 O-O 11. e3 Nb6 12. Bd3 Qe7 13. a3 Bd6 14. Nb5 Re8
15. Nxd6 Qxd6 16. Bb4 Qd8 17. O-O Bd7 18. Ng5 g6 19. Bc3 Rc8 20. Qb1 Bc6 21. b3
Ne4 22. Nxe4 dxe4 23. Be2 Qe7 24. Qb2 Nd5 25. Bd4 a6 26. Bc4 h6 27. Rfd1 b5 28.
Bxd5 Bxd5 29. Rxc8 Rxc8 30. Bh8 f6 31. Bxf6 Qe6 32. Bh8 Qf7 33. h3 Kh7 34. Bf6
Rc6 35. Be5 Bxb3 36. Rd8 g5 37. Qd4 Qc4 1-0